Neue deutsche Grammatik /

Salvato in:
Dettagli Bibliografici
Autore principale: Griesbach, Heinz (Autore)
Natura: Libro
Lingua:tedesco
Pubblicazione: Berlin : Langenscheidt, 1990
Edizione:5.Aufl.
Soggetti:
Tags: Aggiungi Tag
Nessun Tag, puoi essere il primo ad aggiungerne!!

MARC

LEADER 00000nam a22000003a 4500
001 stu2133
005 20150617225618.8
008 920707s1990----gw------------------ger-d
020 |a 3-468-49762-8 
040 |a STU  |b slo 
041 0 |a ger 
044 |a gw 
080 |a 803.0-5 
100 1 |a Griesbach, Heinz  |4 aut 
245 1 |a Neue deutsche Grammatik /  |c [aut.] Griesbach,Heinz 
250 |a 5.Aufl. 
260 |a Berlin :  |b Langenscheidt,  |c 1990 
300 |a 424 s 
650 7 |a nemčina  |2 stusub 
650 7 |a gramatika  |2 stusub 
996 |b E76676  |c E*76676  |l EE18  |s P  |a 0  |w stu2133_0001